Leisure and the environment

Αποθηκεύτηκε σε:
Λεπτομέρειες βιβλιογραφικής εγγραφής
Κύριος συγγραφέας: Spink, John
Μορφή: Βιβλίο
Γλώσσα:English
Δημοσίευση: Oxford : Butterworh-Heinemann, 1994
Θέματα:
Ετικέτες: Προσθήκη ετικέτας
Δεν υπάρχουν, Καταχωρήστε ετικέτα πρώτοι!

MARC

LEADER 00000nam a2200000 i 4500
001 1/67211
008 981014s1994 eng d
020 |a 0750606878 
035 |l 10029966 
040 |a GR-MY-UA  |b gre  |e aacr 
041 0 |a eng 
082 0 |a 306.4812 
100 1 |a Spink, John. 
245 1 0 |a Leisure and the environment /  |c John Spink 
260 |a Oxford :   |b Butterworh-Heinemann,   |c 1994 
300 |a vii, 119 p. 
504 |a Includes bibliography and index 
650 0 0 |a Outdoor recreation  |x Environmental aspects  |z Great Britain. 
650 0 0 |a Leisure  |z Great Britain  |x Planning. 
650 0 0 |a Leisure  |x Social aspects  |z Great Britain. 
852 |a INST  |b CHIOS  |e 19981020  |h 306.4812 SPI  |p 005200015499  |q 005200015499  |t BK  |y 0 
852 |a INST  |b CHIOS  |e 19981014  |h 306.4812 SPI  |p 005200015533  |q 005200015533  |t BK  |y 0 
901 |a BIBL-1998-3 
909 |a Χ  |b 059112 
909 |a X  |b 054901 
922 |a 2ΕΛΗ  |b 199809  |c ΡΟΜΠΟΛΗΣ  |d ΠΑΠΑΣΩΤΗΡΙΟΥ 
922 |a 2ΔΩΡ  |b 199810  |c ΤΔΕ  |d GLORYBOOK-ECONOMIST